00381nam a22001337a 4500003000400000008004100004082001600045100002400061245007700085260003200162300000900194502001500203650002900218OSt260428b |||||||| |||| 00| 0 eng d a634.6bK98E aPrakash, Kumar Shiv aEffect of Growth Substances and Ca-Sprays on Yield and Quality of Litchi aPusa, SamastipurbRAUc1998 a88P. bMsc.d1998 aFruit & Fruit Technology